|
|
|
|
| LEADER |
00588cam a2200169 7i4500 |
| 001 |
0000027810 |
| 005 |
20120606090000.0 |
| 020 |
0 |
0 |
|a 9789264114234
|
| 090 |
0 |
0 |
|a I 338.9
|b WOR
|
| 110 |
2 |
0 |
|a World Trade Organization (WTO)
|
| 245 |
2 |
0 |
|a Aid for trade at a glance 2011 :
|b showing results.
|
| 260 |
0 |
0 |
|a [S.l]:
|b [s.n],
|c 2011.
|
| 300 |
# |
# |
|a 399 p.
|
| 650 |
0 |
0 |
|a Economic assistance --
|x Developing countries
|
| 650 |
0 |
0 |
|a Developing countries --
|x Business
|
| 710 |
2 |
1 |
|a Organization for Economic Co-Operation and Development (OECD)
|
| 999 |
|
|
|a 0000030283
|b Book
|c International
|e Business Information Centre
|